| 000 | 00965nam a2200253 a 4500 | ||
|---|---|---|---|
| 999 |
_c35088 _d35088 |
||
| 005 | 20210422124753.0 | ||
| 010 | _aB-379462 B-736365 | ||
| 020 |
_a0195654455 _c2900.00 |
||
| 035 | _aB-379462 | ||
| 035 | _aB-736365 | ||
| 037 | _bGift | ||
| 037 | _bUBH | ||
| 082 | _a954.16 | ||
| 245 |
_aThe millennium book on New Delhi / _cedited by B.P. Singh [and] Pavan K. Varma |
||
| 260 |
_aNew Delhi _bOxford University Press _c2001 |
||
| 270 |
_aYMCA Library Building, Jai Singh Road, _bNew Delhi _e110001 |
||
| 300 |
_a257p.: _bcol. ill. _c33cm(Hb) |
||
| 504 | _aincludes bibliographical references and index | ||
| 700 | _aSingh, B. P. | ||
| 700 | _aVarma, Pavan K. | ||
| 942 |
_2ddc _cRF _h954.16 _mMIL |
||